| 000 | 00488nam a2200169 i 4500 | ||
|---|---|---|---|
| 001 | 99101 | ||
| 003 | ES-MaACL | ||
| 005 | 20230906182435.0 | ||
| 007 | t| | ||
| 008 | 051121s1969 pr ||||1| spa d | ||
| 080 | _a821.134.2(729.5)-34"19" | ||
| 100 | 1 |
_aDíaz Montero, Aníbal. _944359 |
|
| 245 | 1 | 0 |
_aCerro y llanura _b: cuentos / _cAníbal Díaz Montero. |
| 260 |
_aSan Juan de Puerto Rico : _b[s.n.], _c1969. |
||
| 300 |
_a118 p. ; _c22 cm. |
||
| 852 |
_aES-MaACL _jE-11068 _bR.136760 |
||
| 999 |
_c99101 _d99101 |
||